Statistics for Premier League Players by Number - 13

Click here to take the quiz!

General Stats

  • This quiz has been taken 17 times
  • The average score is 6 of 10

Answer Stats

PositionClubNationPlayer% Correct
GKManchester CityUnited StatesZack Steffen
91%
GKLiverpoolSpainAdrian
82%
DFEvertonColombiaYerry Mina
82%
GKCrystal PalaceSpainVicente Guaita
73%
MFBrighton & Hove AlbionGermanyPascal Gross
64%
GKWest Ham UnitedFranceAlphonse Areola
55%
GKChelseaEnglandMarcus Bettinelli
55%
GKBurnleyWalesWayne Hennessey
55%
GKManchester UnitedEnglandLee Grant
36%
GKLeeds UnitedNorwayKristoffer Klaesson
18%

Score Distribution

Percentile by Number Answered

Percent of People with Each Score

Your Score History

You have not taken this quiz